| 000 | 004100000a22001570004500 | ||
|---|---|---|---|
| 003 | LK-CoMWRAF | ||
| 008 | 230817t ||||| |||| 00| 0 eng d | ||
| 040 |
_aLK-CoMWRAF _dLK-CoMWRAF _eLK-CoMWRAF |
||
| 041 | _aeng | ||
| 082 |
_a550 _bREC |
||
| 245 |
_aReconstructing fundamentalis and feminism _bthe dynamics of change in Iran |
||
| 260 |
_aGrables _bWLUML _c1995 |
||
| 300 | _ap. | ||
| 650 | _aWomen | ||
| 942 | _cBK | ||
| 999 |
_c903 _d903 |
||